Česko-francouzský slovník architektonický

Na minha lista:
Detalhes bibliográficos
Autor principal: Martínek, Jan (Author)
Formato: Livro
Idioma:tcheco
Publicado em: Praha : České vysoké učení technické v Praze, 1980
Edição:1. vyd.
Tags: Adicionar Tag
Sem tags, seja o primeiro a adicionar uma tag!

MARC

LEADER 00000nam a22000003a 4500
001 stu11860
005 20150617225759.4
008 951005s1980----cs------------------cze-d
040 |a STU  |b slo 
041 0 |a cze 
044 |a cs 
100 1 |a Martínek, Jan  |4 aut 
245 1 |a Česko-francouzský slovník architektonický 
250 |a 1. vyd. 
260 |a Praha :  |b České vysoké učení technické v Praze,  |c 1980 
300 |a 515 s 
996 |b 284AS01979  |c A*1102 S  |l AAKNAR  |s A  |a 24  |w stu11860_0001 
996 |b 284AU03012  |c A*1104 S  |l AAKNST  |s P  |a 0  |w stu11860_0002